[Event "Subotica-ch"]
[Site "Subotica"]
[Date "2011.03.11"]
[Round "9"]
[White "Tancik, Kristijan"]
[Black "Mladenovic, Sasa G"]
[Result "1-0"]
[WhiteElo "2282"]
[BlackElo "2054"]
[PlyCount "119"]
[EventDate "2011.02.21"]
[EventType "swiss"]
[EventRounds "9"]
[EventCountry "SRB"]
[SourceTitle "CBM 141 Extra"]
[Source "ChessBase"]
[SourceDate "2011.05.03"]
[SourceVersion "1"]
[SourceVersionDate "2011.05.03"]
[SourceQuality "1"]

1. d4 Nf6 2. c4 c5 3. d5 e5 4. Nc3 d6 5. e4 g6 6. Be2 Bg7 7. h4 Qa5 8. Bd2 h5 9. Nh3 a6 10. a4 Qc7 11. Bg5 Nbd7 12. Qd2 Rb8 13. f3 Nf8 14. Nf2 Bd7 15. g3 Qc8 16. Rb1 N8h7 17. Be3 0-0 18. b4 b6 19. 0-0 Re8 20. bxc5 bxc5 21. Rxb8 Qxb8 22. Rb1 Qc7 23. Qb2 Bc8 24. Qb6 Qe7 25. a5 Nd7 26. Qc7 Bf6 27. Na4 Qd8 28. Qxd8 Bxd8 29. Bd2 Re7 30. Bf1 f5 31. exf5 gxf5 32. Bh3 Rf7 33. Nd1 Kg7 34. Ne3 Kg6 35. Bf1 Nhf6 36. Nxf5 Kxf5 37. Bd3+ e4 38. fxe4+ Kg4 39. Kg2 Nxe4 40. Bxe4 Re7 41. Bf3+ Kf5 42. Bg5 Re8 43. Bxh5 Rh8 44. g4+ Ke4 45. Bxd8 Rxd8 46. Rd1 Ne5 47. Kg3 Nxg4 48. Bxg4 Rg8 49. Re1+ Kd3 50. Rd1+ Ke3 51. Re1+ Kd2 52. Re6 Bxe6 53. dxe6 Kd3 54. Nb6 Kc3 55. h5 Kb4 56. h6 Re8 57. h7 Kxa5 58. Nd5 Ka4 59. e7 Kb3 60. Bd7 1-0

[Event "Subotica-ch"]
[Site "Subotica"]
[Date "2011.03.09"]
[Round "8"]
[White "Avram, Veso"]
[Black "Mladenovic, Sasa G"]
[Result "1/2-1/2"]
[WhiteElo "2122"]
[BlackElo "2054"]
[PlyCount "70"]
[EventDate "2011.02.21"]
[EventType "swiss"]
[EventRounds "9"]
[EventCountry "SRB"]
[SourceTitle "CBM 141 Extra"]
[Source "ChessBase"]
[SourceDate "2011.05.03"]
[SourceVersion "1"]
[SourceVersionDate "2011.05.03"]
[SourceQuality "1"]

1. d4 Nf6 2. c4 c5 3. Nf3 d6 4. g3 g6 5. Bg2 Bg7 6. 0-0 Nbd7 7. Nc3 0-0 8. dxc5 Nxc5 9. Nd4 Re8 10. h3 a6 11. Be3 Ne6 12. Nd5 Nxd5 13. cxd5 Nxd4 14. Bxd4 Qa5 15. Bxg7 Kxg7 16. Qd4+ Kg8 17. Qe3 Rb8 18. a3 Bd7 19. Rac1 Qd8 20. Rc4 Rc8 21. Rfc1 b5 22. Rh4 Rxc1+ 23. Qxc1 h5 24. Bf3 Kg7 25. Bxh5 Rh8 26. Bg4 Rxh4 27. gxh4 f6 28. Qe3 f5 29. Bf3 Qf8 30. h5 f4 31. Qc3+ Qf6 32. Kg2 Qxc3 33. bxc3 g5 34. Be4 Bc8 35. h4 gxh4 1/2-1/2